<?xml version="1.0" encoding="UTF-8"?><?xml-stylesheet type="text/xsl" href="static/style.xsl"?><OAI-PMH xmlns="http://www.openarchives.org/OAI/2.0/" xmlns:xsi="http://www.w3.org/2001/XMLSchema-instance" xsi:schemaLocation="http://www.openarchives.org/OAI/2.0/ http://www.openarchives.org/OAI/2.0/OAI-PMH.xsd"><responseDate>2026-06-05T14:57:54Z</responseDate><request verb="GetRecord" identifier="oai:riuma.uma.es:10630/31100" metadataPrefix="marc">https://riuma.uma.es/rest/oai/request</request><GetRecord><record><header><identifier>oai:riuma.uma.es:10630/31100</identifier><datestamp>2026-02-03T11:09:57Z</datestamp><setSpec>com_10630_2254</setSpec><setSpec>col_10630_37953</setSpec></header><metadata><record xmlns="http://www.loc.gov/MARC21/slim" xmlns:dcterms="http://purl.org/dc/terms/" xmlns:doc="http://www.lyncode.com/xoai" xmlns:xsi="http://www.w3.org/2001/XMLSchema-instance" xsi:schemaLocation="http://www.loc.gov/MARC21/slim http://www.loc.gov/standards/marcxml/schema/MARC21slim.xsd">
   <leader>00925njm 22002777a 4500</leader>
   <datafield ind2=" " ind1=" " tag="042">
      <subfield code="a">dc</subfield>
   </datafield>
   <datafield ind2=" " ind1=" " tag="720">
      <subfield code="a">Minguet-Medina, Jorge</subfield>
      <subfield code="e">author</subfield>
   </datafield>
   <datafield ind2=" " ind1=" " tag="260">
      <subfield code="c">2020-07</subfield>
   </datafield>
   <datafield ind2=" " ind1=" " tag="520">
      <subfield code="a">Uno más en la masiva e ideológicamente filtrada migración intelectual provocada por el triunfo de los fascismos en Europa y la consiguiente Guerra Mundial, la trascendencia de Kaufmann en su destino americano seguirá un sorprendente camino doble. Las forzadas conexiones entre autores, actitudes y posiciones intelectuales de puntos muy distintos de la historia de Von Ledoux bis Le Corbusier, provenientes de un contexto de oposición al nazismo encontrarán, en ausencia de una traducción que con la que corregir malinterpretaciones, una deformada pero muy influy­ente continuidad. Será a través de un Philip Johnson, precisamente exnazi, y de sus casas. En la primera de ellas, Kaufmann dará su primera conferencia en los Estados Unidos. La segunda, muy famosa, la concebirá Johnson basándose en una interpretación libre y adaptada a un muy distinto contexto de los conceptos de Kaufmann. Su alargada influencia sentará las bases de un primer postmodernismo e incluso de su posterior deriva hacia la star-architecture. Mientras tanto, y opuestamente, las investigaciones de Kaufmann en territorio americano se replegarán hacia el periodo de la Ilustración.</subfield>
   </datafield>
   <datafield ind1="8" ind2=" " tag="024">
      <subfield code="a">Minguet, Jorge. 2020. ‘Von Ledoux Bis Johnson, and beyond. La Trascendencia Americana de Emil Kaufmann.’ Cuaderno de Notas, 2020. https://doi.org/10.20868/cn.2020.4473</subfield>
   </datafield>
   <datafield ind1="8" ind2=" " tag="024">
      <subfield code="a">1138-1590</subfield>
   </datafield>
   <datafield ind1="8" ind2=" " tag="024">
      <subfield code="a">2386-8376</subfield>
   </datafield>
   <datafield ind1="8" ind2=" " tag="024">
      <subfield code="a">https://hdl.handle.net/10630/31100</subfield>
   </datafield>
   <datafield ind1="8" ind2=" " tag="024">
      <subfield code="a">10.20868/cn.2020.4473</subfield>
   </datafield>
   <datafield tag="653" ind2=" " ind1=" ">
      <subfield code="a">Arquitectura Posmoderna</subfield>
   </datafield>
   <datafield ind2="0" ind1="0" tag="245">
      <subfield code="a">Von Ledoux bis Johnson, and beyond : la trascendencia americana de Emil Kaufmann</subfield>
   </datafield>
</record>
</metadata></record></GetRecord></OAI-PMH>